MAASAI MARA UNIVERSITY

LIBRARY CATALOGUE

Contact Us: +254 020 2685356/7 or 0774 057787

Box: 861-20500, NAROK, KENYA

Email: info@mmarau.ac.ke

Introduction to the thermodynamics of materials / (Record no. 21389)

MARC details
000 -LEADER
fixed length control field 01451nam a22002657a 4500
003 - CONTROL NUMBER IDENTIFIER
control field OSt
005 - DATE AND TIME OF LATEST TRANSACTION
control field 20210604100444.0
008 - FIXED-LENGTH DATA ELEMENTS--GENERAL INFORMATION
fixed length control field 170127b xxu||||| |||| 00| 0 eng d
010 ## - LIBRARY OF CONGRESS CONTROL NUMBER
LC control number 2008001951
020 ## - INTERNATIONAL STANDARD BOOK NUMBER
International Standard Book Number 9781591690436
020 ## - INTERNATIONAL STANDARD BOOK NUMBER
International Standard Book Number 1591690439
040 ## - CATALOGING SOURCE
Original cataloging agency MMU
Transcribing agency MMU
Modifying agency MMU
Language of cataloging eng
050 00 - LIBRARY OF CONGRESS CALL NUMBER
Classification number TN673
Item number .G33 2008
100 1# - MAIN ENTRY--PERSONAL NAME
Personal name Gaskell, David R.,
Dates associated with a name 1940-
245 10 - TITLE STATEMENT
Title Introduction to the thermodynamics of materials /
Statement of responsibility, etc. David R. Gaskell.
250 ## - EDITION STATEMENT
Edition statement 5th ed.
260 ## - PUBLICATION, DISTRIBUTION, ETC. (IMPRINT)
Place of publication, distribution, etc. New York :
Name of publisher, distributor, etc. Taylor & Francis,
Date of publication, distribution, etc. 2008.
300 ## - PHYSICAL DESCRIPTION
Extent xv, 618 p. :
Other physical details ill. ;
Dimensions 24 cm. +
Accompanying material 1CD-ROM (4 3/4 in.)
500 ## - GENERAL NOTE
General note Includes bibliographical references and index.
505 0# - FORMATTED CONTENTS NOTE
Formatted contents note Introduction and definition of terms -- The first law of thermodynamics -- The second law of thermodynamics -- The statistical interpretation of entropy -- Auxiliary functions -- Heat capacity, enthalpy, entropy -- Phase equilibrium in a one-component system -- The behavior of gases -- The behavior of solutions -- Gibbs free energy composition and phase diagrams of binary systems -- Reactions involving gases -- Reactions involving pure condensed phases and a gaseous phase -- Reaction equilibria in systems containing components in condensed solution -- Phase diagrams for binary systems in pressure-temperature-composition space -- Electrochemistry.
650 #0 - SUBJECT ADDED ENTRY--TOPICAL TERM
Topical term or geographic name as entry element Metallurgy.
650 #0 - SUBJECT ADDED ENTRY--TOPICAL TERM
Topical term or geographic name as entry element Thermodynamics.
650 #0 - SUBJECT ADDED ENTRY--TOPICAL TERM
Topical term or geographic name as entry element Materials
General subdivision Thermal properties.
942 ## - ADDED ENTRY ELEMENTS (KOHA)
Source of classification or shelving scheme Library of Congress Classification
Koha item type L
Holdings
Withdrawn status Lost status Source of classification or shelving scheme Damaged status Not for loan Home library Current library Date acquired Source of acquisition Total Checkouts Full call number Barcode Date last seen Price effective from Koha item type
    Library of Congress Classification     Maasai Mara University Library -Main Campus Maasai Mara University Library -Main Campus 01/27/2017 Donation -T4C   TN673 .G33 2008 17020828 01/27/2017 01/27/2017 L
© 2016 Maasai Mara University.